| 000 | 00977nam a22002657a 4500 | ||
|---|---|---|---|
| 001 | 72 | ||
| 003 | FISKH | ||
| 005 | 20230328125624.0 | ||
| 008 | 230221b cb ||||| |||| 00| 0 eng d | ||
| 020 | _a9781783935895 | ||
| 040 |
_aMePoLT _cMePoLT _erda _beng _dFISTKH |
||
| 050 | _aPZ7 | ||
| 082 | _a398.2 | ||
| 100 | 1 | _aCreese, Sarah. | |
| 245 | 1 | 0 | _aSnow White (Fairytale Readers). |
| 260 |
_aHertfordshire _bMake believe ideas _c2015 |
||
| 300 |
_a25 p. _c18 cm. |
||
| 500 | _aThe set is designed to develop the reading confidence of children who can read a little, but who need lively and structured books to further develop their skills. Each book features a picture dictionary page, which highlights difficult words from the story. There is also a key words page that presents common wor | ||
| 520 | _aSnow White (Fairytale Readers) by Sarah Creese | ||
| 521 | 8 |
_a340 _bLexile |
|
| 521 | 8 |
_aF _bRaz-Plus |
|
| 650 | _afairy tales | ||
| 650 | _afolklore | ||
| 942 |
_2ddc _cBK |
||
| 999 |
_c72 _d72 |
||